| 000 | 00514nam a2200193 a 4500 | ||
|---|---|---|---|
| 001 | 1766824441901 | ||
| 003 | YourLibrary | ||
| 005 | 20251229124200.0 | ||
| 008 | 251227s2005##################000#0#eng## | ||
| 020 | _a9783631537404 | ||
| 082 | 0 | 4 |
_a206.1082 _bBLO |
| 100 | 1 |
_aBlohm, Uta, _eauthor. |
|
| 245 | 1 | 0 | _aReligious Traditions and Personal Stories : |
| 260 |
_bPeter Lang Publishing, _c2005. |
||
| 300 | _a488 pages | ||
| 650 | 0 | _aReligion. | |
| 942 | _cENGLISH | ||
| 040 |
_aYourLibrary _beng _cYourLibrary |
||
| 999 |
_c605730 _d605730 |
||